000 01158nam a2200229Ia 4500
999 _c34693
_d34693
001 478
003 GE_BSU
005 20200129101513.0
008 181216s2008||||ge |||||||||||||| ||geo||
020 _a9789994091294
040 _cGE_BSU
041 _ageo
080 _a796.5(479.22) ს-53
100 _aსირბილაძე, თეიმურაზ
_96462
245 _aტურისტის გზამკვლევი
_bუმაღლესი და საშუალო სპეციალური განათლების მოსწავლე-ახალგაზრდებისათვის /
_c თეიმურაზ სირბილაძე ; [რედ. ზურაბ ქობალია].
264 _aთბილისი :
_bზენაარი,
_c2008.
300 _a192 გვ.;
_bილ. ;
_c20 სმ.
653 _aტურიზმი საქართველოში
653 _aტურიზმის ეკონომიკა საქართველოში
700 _aქობალია, ზურაბ
_eრედაქტორი
_96463
942 _cBK
_2udc